[Event "Mittelfranken Mitte-ch 0001"]
[Site "Zirndorf"]
[Date "2001.??.??"]
[Round "1"]
[White "Tecan, Taylan"]
[Black "Hestermann, Hans Ludwig"]
[Result "0-1"]
[WhiteElo "1376"]
[BlackElo "1688"]
[PlyCount "64"]
[EventDate "2001.01.13"]
[EventType "swiss"]
[EventRounds "7"]
[EventCountry "GER"]
[SourceTitle "EXT 2015"]
[Source "ChessBase"]
[SourceDate "2014.11.20"]
[SourceVersion "1"]
[SourceVersionDate "2014.11.20"]
[SourceQuality "1"]

1. e4 e6 2. c4 d5 3. cxd5 exd5 4. e5 Nc6 5. d4 Bb4+ 6. Nc3 Bf5 7. Bd3 Qd7 8. Nf3 0-0-0 9. a3 Be7 10. Bxf5 Qxf5 11. Qb3 f6 12. exf6 Bxf6 13. Be3 Nge7 14. 0-0 g5 15. Na4 g4 16. Ne5 Bxe5 17. dxe5 d4 18. Nc5 b6 19. Ne6 Rd5 20. Bg5 Qxe6 21. Bf6 Re8 22. Qd3 Nxe5 23. Qa6+ Kb8 24. Bxe5 Rxe5 25. a4 Nc6 26. Qd3 Re1 27. Raxe1 Qxe1 28. Qb5 Qe6 29. b4 a5 30. bxa5 Nxa5 31. g3 Qe4 32. Rc1 Re7 0-1